Sports Quiz

Random Sports or NBA Quiz

Players with most Franchises Quiz Stats

 Plays Quiz not verified by Sporcle

Challenge
Share
Tweet
*= played for Team on multiple occasions **= Main Team (most games played for) ***= currently Free Agent
Score 0/19 Timer 06:00
0 Plays Today
Teams Player % Correct
HOU, MEM, GSW, ORL, MIL, PHO, OKC, NOP, PHI**Ish Smith
69%
CLE, LAC, PHI, POR, DEN** WAS, SAC, MIN, SASAndre Miller
61.9%
MEM**, SAC, DEN, IND, DAL, ATL, LAC, CLEDahntay Jones
59.5%
BOS, MIN, HOU, DAL, NJN, IND, PHO**, MIAGerald Green
40.5%
LAC, MIA, OKC, WAS*, CHA, MIL, CLE, BRK, GSW**Shaun Livingston
38.1%
MIA, LAL, WAS**, DAL, LAC, MIL, OKC, DET, SACCaron Butler
35.7%
MIA, NOH/NOK**, LAC, CHI, TOR, IND, WAS, SASRasual Butler
35.7%
NYK**, BOS, OKC, GSW, CHI, DEN, LAC, NOPNate Robinson
35.7%
MEM, ORL, CLE**, CHI, SAC, SAS, DAL, LAC, MIL, WASDrew Gooden
33.3%
LAC, SAC, NYK, PHI, GSW, PHO, ORL, LAL, LAC*, MEMMatt Barnes
31%
Teams Player % Correct
PHI, ATL, NYK, SAS, DET, CHA**, CHI, OKC*Nazr Mohammed
31%
WAS, MIL, DEN, LAC, LAL, GSW, POR**, DETSteve Blake
28.6%
CLE, CHI, CHA, LAL**, PHO, SAS, NYK, MIAShannon Brown
28.6%
UTA, TOR, DAL, NJN/BRK**, BOS, WAS, PHO, ATLKris Humphries
23.8%
UTA, PHI, PHO**, GSW, IND, MIN, NOH/NOP, CHI*, CLE, NYK Lou Amundson
16.7%
HOU, LAC, DAL, SAS, NYK**, TOR, UTA, OKC, MILSteve Novak
14.3%
SAS, POR, GSW, MIN, ATL, CHA, PHO, DET**Anthony Tolliver
9.5%
CHA, DAL, MIN, CLE, BOS, LAC**, SAC, WAS, MEMRyan Hollins
7.1%
POR, BOS, LAC, CLE, MIN**, PHO, TOR, OKCSebastian Telfair
7.1%

You're not logged in!

Compare scores with friends on all Sporcle quizzes.
Join for Free
OR
Log In

You Might Also Like...

Show Comments

Extras

Top Quizzes Today


Score Distribution

Your Account Isn't Verified!

In order to create a playlist on Sporcle, you need to verify the email address you used during registration. Go to your Sporcle Settings to finish the process.

Report this User

Report this user for behavior that violates our Community Guidelines.

Details: